000 00323nam a22001457a 4500
008 210310b ||||| |||| 00| 0 eng d
020 _a9781319127732
041 _aeng
080 _23rd
_a573
082 _a573
100 _a11
101 _aBIO
245 _aBiology for a Changing World
_cShuster, M
942 _2udc
_cBK
999 _c56255
_d56255